Attend to the details (Record no. 79394)
[ view plain ]
| 000 -LEADER | |
|---|---|
| fixed length control field | 01051cab a22002175a 4500 |
| 001 - CONTROL NUMBER | |
| control field | L140961 |
| 008 - FIXED-LENGTH DATA ELEMENTS--GENERAL INFORMATION | |
| fixed length control field | 071023e20071020xxk f 000 0 eng d |
| 035 ## - SYSTEM CONTROL NUMBER | |
| System control number | (Sirsi) u140961 |
| 041 0# - LANGUAGE CODE | |
| Language code of text/sound track or separate title | eng |
| 100 1# - MAIN ENTRY--PERSONAL NAME | |
| Personal name | Firn, Keith |
| 245 00 - TITLE STATEMENT | |
| Title | Attend to the details |
| 260 ## - PUBLICATION, DISTRIBUTION, ETC. | |
| Date of publication, distribution, etc. | 2007 |
| 490 #0 - SERIES STATEMENT | |
| Series statement | Estates Gazette |
| Volume/sequential designation | (0741) 13 October 2007, 192-194(3) |
| 520 ## - SUMMARY, ETC. | |
| Summary, etc. | The second article in a three part series on dilapidations emphasises the importance for surveyors to undertake comprehensive due diligence. Looks at requirements in the RICS "Dilapidations guidance note", the overriding professional duty of RICS members, basic due diligence, privity of contract checks, and tenancy solvency checks. Also provides a case study in which a surveyor failed to carry out appropriate due diligence on a lease-end dilapidations claim. (See also L140857). |
| 590 ## - LOCAL NOTE (RLIN) | |
| Local note | KA |
| 650 24 - SUBJECT ADDED ENTRY--TOPICAL TERM | |
| Topical term or geographic name entry element | RICS DILAPIDATIONS GUIDANCE NOTE |
| 651 #4 - SUBJECT ADDED ENTRY--GEOGRAPHIC NAME | |
| Geographic name | England and Wales |
| Chronological subdivision | 1543- |
| 690 ## - LOCAL SUBJECT ADDED ENTRY--TOPICAL TERM (OCLC, RLIN) | |
| Topical term or geographic name as entry element | PROPERTY-LANDLORD AND TENANT-DILAPIDATIONS |
| 700 1# - ADDED ENTRY--PERSONAL NAME | |
| Personal name | Stell, Patrick |
| 942 ## - ADDED ENTRY ELEMENTS (KOHA) | |
| Suppress in OPAC | 0 |
| Withdrawn status | Lost status | Source of classification or shelving scheme | Damaged status | Not for loan | Home library | Current library | Shelving location | Date acquired | Total Checkouts | Full call number | Barcode | Date last seen | Copy number | Price effective from | Koha item type |
|---|---|---|---|---|---|---|---|---|---|---|---|---|---|---|---|
| Dewey Decimal Classification | London | London | Journal article | 23/10/2007 | L140961 | 140961-1001 | 06/08/2019 | 1 | 06/08/2019 | Journal article |